000 00967cam a22002532 4500
001 0000019395
005 20151217154430.0
008 101113s xx 000 0 eng d
020 _a0414042407 :
040 _aKABU
_cKABU
100 1 _aWoodroffe, Geoffrey.
_@0000158668
245 1 0 _aWoodroffe & Lowe's consumer law and practice /
_cGeoffrey Woodroffe and Robert Lowe.
250 _a8th ed.
260 _aLondon :
_bSweet & Maxwell,
_c2010.
300 _axxxiii, 457 p.
650 0 _aConsumer protection
_xLaw and legislation
_zGreat Britain.
_@0000158669
650 0 _aSales
_zGreat Britain.
_@0000158670
700 1 _aLowe, Robert.
_@0000158671
852 1 _9p3640 KES
852 1 _9p6190 KES
852 1 _9p4797 KES
852 1 _9p3640 KES
950 _@1
999 _c11228
_d11228